[Event "ESP-ch Amateurs U2000"]
[Site "Murcia"]
[Date "2022.08.30"]
[Round "2.7"]
[White "Martinez Martin, Francisco"]
[Black "Luque Saiz, Javier"]
[Result "1-0"]
[WhiteElo "1777"]
[BlackElo "1948"]
[PlyCount "53"]
[EventDate "2022.08.30"]
[EventType "swiss"]
[EventRounds "7"]
[EventCountry "ESP"]
[SourceTitle "EXT 2024"]
[Source "ChessBase"]
[SourceDate "2023.10.10"]
[SourceVersion "1"]
[SourceVersionDate "2023.10.10"]
[SourceQuality "1"]

1. e4 c6 2. d4 d5 3. e5 c5 4. Nf3 Bg4 5. dxc5 e6 6. Be3 Nc6 7. c3 Bxf3 8. Qxf3 Nxe5 9. Bb5+ Nc6 10. c4 a6 11. Ba4 Qa5+ 12. Nc3 Nf6 13. 0-0 0-0-0 14. cxd5 exd5 15. Rac1 Qb4 16. Rfd1 Kb8 17. a3 Qh4 18. Bxc6 bxc6 19. Rd4 Qh5 20. Qf4+ Kc8 21. Rb4 Nd7 22. Na4 g5 23. Qd4 Rg8 24. Qd3 Nb8 25. Qf5+ Nd7 26. Nb6+ Kc7 27. Bf4+ 1-0